Erotická kuchárka jedlá a láska

Bibliographic Details
Main Author: Packa, Štefan, 1946- (Author, Illustrator)
Other Authors: Daniš, Dušan, 1954- (Illustrator), Rengevič, Michal (Photographer)
Format: Book
Language:Slovak
PhysicalDescription:107 s. fareb. fotogr. a ilustr. 25 cm
Published: Žilina Georg [2015]
ISBN:9788081541070 (viaz.)
Subjects:

MARC

LEADER 00000nam a2200000 a 4500
001 vtls010659082
003 SK-MaSNL
005 20260301134143.0
008 160610s2015 xo oa g 000 0dslo
015 |a SNBA2015/03 
020 |a 9788081541070 (viaz.) 
035 |a D9E2E23A-D8A3-4214-84DF-327D0CB9D9DE 
035 |a urn:nbn:sk:snk-amksch 
035 |a urn:nbn:sk:snk-am005ap5 
040 |a SNK  |b slo  |c SNK  |e AACR2 
041 0 |a slo 
044 |a xo  |c SK 
072 7 |a 641  |x Kuchárstvo. Potraviny. Varené jedlá  |2 konspekt 
080 |a 641.55  |2 2001 
080 |a (083.12)  |2 2001 
080 |a 615.256.2  |2 2001 
100 1 |a Packa, Štefan,  |d 1946-  |4 aut  |4 ill  |9 189024 
245 1 0 |a Erotická kuchárka  |b jedlá a láska  |c Štefan Packa ; [ilustrácie: Štefan Packa, Dušan Daniš ; fotografie: Michal Rengevič] 
260 |a Žilina  |b Georg  |c [2015] 
300 |a 107 s.  |b fareb. fotogr. a ilustr.  |c 25 cm 
500 |a Biogr. údaje 
650 0 7 |a jedlá  |2 SNKPH 
650 0 7 |a Meals  |2 SNKPHeng  |9 311382 
650 0 7 |a afrodiziaká  |2 SNKPH  |9 66996 
650 0 7 |a Aphrodisiacs  |2 SNKPHeng  |9 487682 
650 0 7 |a príprava jedál  |2 SNKPH  |9 57003 
650 0 7 |a Meals preparation  |2 SNKPHeng  |9 304684 
655 7 |a kuchárske recepty  |2 SNKPH  |9 70493 
655 7 |a Cookbooks  |2 SNKPHeng  |9 270340 
700 1 |a Daniš, Dušan,  |d 1954-  |4 ill  |9 217460 
700 1 |a Rengevič, Michal  |4 pht  |9 317792 
919 |a 978-80-8154-107-0 
999 |c 755913  |d 757843 
952 |a SNK  |b SNK  |y PREZ  |7 0  |p 17A1139800  |o snkSC 163531  |i snk2015/7977  |8 0  |0 0  |1 0  |4 0  |d 2015-03-06  |f 1  |l 0  |r 2025-08-27 00:00:00  |w 2026-02-23 
952 |a SNK  |b SNK  |y VYP  |7 0  |p 17A1139799  |o snkSC 163531 D1  |i snk2015/7978  |8 0  |0 0  |1 0  |4 0  |d 2015-03-06  |l 0  |r 2026-02-23 23:48:06  |w 2026-02-23